世界都市GDPランキング55 - Statistics

General Stats
  • This quiz has been taken 346 times
  • The average score is 35 of 55
Answer Stats
順位 Answer % Correct
3 日本 東京
99%
4 中国 上海
99%
5 中国 北京
99%
1 アメリカ ニューヨーク
98%
2 イギリス ロンドン
98%
6 シンガポール シンガポール
97%
13 韓国 ソウル
96%
14 中国・香港 香港
95%
9 オーストラリア シドニー
94%
11 ロシア モスクワ
93%
8 アメリカ ロサンゼルス
92%
19 フランス パリ
92%
41 ドイツ ベルリン
87%
51 台湾 台北
86%
45 エジプト カイロ
85%
42 タイ バンコク
84%
50 アラブ首長国連邦 ドバイ
84%
49 メキシコ メキシコシティ
83%
15 オーストラリア メルボルン
81%
24 トルコ イスタンブール
81%
34 インドネシア ジャカルタ
79%
20 カナダ トロント
76%
25 アメリカ サンフランシスコ
76%
12 中国 重慶
75%
23 アメリカ シカゴ
75%
35 イラン テヘラン
75%
18 サウジアラビア リヤド
74%
36 ブラジル サンパウロ
73%
39 カタール ドーハ
71%
10 中国 広州
70%
29 インド ムンバイ
67%
7 中国 深圳
66%
26 中国 南京
66%
22 中国 武漢
59%
27 中国 天津
58%
30 アメリカ ヒューストン
54%
17 中国 成都
49%
21 中国 杭州
49%
55 中国 西安
49%
37 アメリカ ダラス
46%
40 アメリカ フィラデルフィア
46%
52 ドイツ ハンブルク
44%
31 中国 青島
42%
16 中国 蘇州
29%
53 中国 福州
28%
28 中国 寧波
27%
33 アメリカ サンノゼ
21%
38 中国 長沙
19%
46 中国 済南
14%
43 中国 鄭州
13%
48 中国 合肥
11%
54 中国 泉州
11%
32 中国 無錫
9%
44 中国 仏山
8%
47 アメリカ ワシントンDC
5%
No matching quizzes found
Score Distribution
Percent of People with Each Score
Percentile by Number Answered
Your Score History
You have not taken this quiz